|
|
|
|
| LEADER |
01028cam a22003251a 4500 |
| 001 |
000033649 |
| 003 |
9835 |
| 005 |
20151019000000.0 |
| 008 |
151016s2010 000 eng |
| 020 |
|
|
|a 9780077395773
|
| 041 |
|
|
|a eng
|
| 082 |
|
|
|a 420.4
|b MA-E
|
| 100 |
|
|
|a Maimon, Elaine P.
|
| 245 |
|
|
|a The Mcgaw - Hill Handbook
|c Elaine P.Maimon
|
| 260 |
|
|
|a Mcgraw - Hill
|c 2010
|
| 300 |
|
|
|a 869p. : ill ; 25cm
|
| 650 |
|
|
|a Elaine P.Maimon, language, 2010
|
| 852 |
|
|
|b Chuyên đề
|c Tiếng Anh tham khảo 1
|
| OWN |
|
|
|a LNN
|
| AVA |
|
|
|a UDN50
|b LNN
|d 420.4 MA-E
|e available
|t Error 5001 Not defined in file expand_doc_bib_avail.
|f 1
|g 0
|h N
|i 0
|k 1
|
| 999 |
|
|
|a From the UDN01
|
| AVA |
|
|
|a UDN50
|b LNN
|d 420.4 MA-E
|e available
|t Error 5001 Not defined in file expand_doc_bib_avail.
|f 1
|g 0
|h N
|i 0
|k 1
|
| TYP |
|
|
|a Monograph
|
| 980 |
|
|
|a Mạng thư viện Đại học Đà Nẵng
|